000
00289nam a22001337a 4500
008
170616b xxu||||| |||| 00| 0 eng d
020
_a
9780061236198
041
_a
eng
080
_a
94(7/8)
100
_a
20
101
_a
SHP
245
_a
VIOLENT POLITICS
_c
POLK,W.R
942
_2
udc
_c
BK
999
_c
17851
_d
17851